000 00406nam a2200157Ia 4500
008 230524s9999 xx 000 0 und d
020 _a9788183556057
082 _bGKP
100 _awww.gkpublications.com
245 0 _aGATE 2013 - Electrical Engineering with CD
250 _a1
260 _aNew Delhi
_bGKP
_c2012
500 _aQuantity Number: 2
650 _aPersonality Development
942 _cBK
999 _c52299
_d52299